Skyrim: Food & Beverages - Statistics

General Stats
  • This quiz has been taken 110 times
  • The average score is 22 of 113
Answer Stats
Answer % Correct
Potato
81%
Cabbage
75%
Carrot
70%
Bread
69%
Sweet Roll
67%
Wine
61%
Leek
59%
Tomato
58%
Ale
54%
Black-Briar Mead
53%
Red Apple
52%
Venison
52%
Green Apple
51%
Honningbrew Mead
49%
Honey
45%
Alto Wine
43%
Apple Pie
43%
Vegetable Soup
41%
Nord Mead
40%
Dog Meat
37%
Skooma
36%
Potato Soup
33%
Goat Cheese Wheel
31%
Cabbage Soup
28%
Grilled Leeks
27%
Cooked Beef
25%
Rabbit Haunch
24%
Tomato Soup
23%
Salmon Steak
22%
Chicken Breast
20%
Black-Briar Reserve
19%
Goat Cheese Wedge
19%
Horse Meat
19%
Mammoth Snout
19%
Mudcrab Legs
19%
Pheasant Breast
19%
Argonian Ale
18%
Eidar Cheese Wheel
18%
Gourd
18%
Raw Beef
18%
Raw Rabbit Leg
18%
Ash Yam
17%
Braided Bread
17%
Butter
17%
Spiced WIne
17%
Horker Loaf
16%
Long Taffy Treat
16%
Mammoth Steak
16%
Venison Stew
16%
Boiled Creme Treat
14%
Eidar Cheese Wedge
14%
Salmon Meat
14%
Seared Slaughterfish
14%
Argonian Bloodwine
13%
Clam Chowder
13%
Homecooked Meal
13%
Sujamma
13%
Apple Cabbage Stew
12%
Apple Dumpling
12%
Beef Stew
12%
Garlic Bread
12%
Grilled Chicken Breast
12%
Honey Nut Treat
12%
Horker Stew
12%
Mead with Juniper Berry
12%
Redwater Skooma
12%
Sack of Flour
12%
Baked Potatoes
11%
Cyrodilic Brandy
11%
Leg of Goat Roast
11%
Mammoth Cheese Bowl
11%
Venison Chop
11%
Balmora Blue
10%
Elsweyr Fondue
10%
Horse Haunch
10%
Potato Bread
10%
Steamed Mudcrab Legs
10%
Boar Meat
8%
Double Distilled Skooma
8%
Firebrand Wine
8%
Flin
8%
Cliff Racer
6%
Fresh Meat
6%
Matze
6%
Pheasant Roast
6%
Ash Hopper Leg
5%
Clam Meat
5%
Shein
5%
Sliced Goat Cheese
5%
Snowberry Crostata
5%
Spiced Beef
5%
Surilie Brothers Wine
5%
White-Gold Tower
5%
Charred Skeever Meat
4%
Chicken Dumpling
4%
Colovian Brandy
4%
Cooked Boar Meat
4%
Sadri's Sujamma
4%
Stros M'Kai Rum
4%
Velvet LeChance
4%
Ashfire Mead
2%
Ash Hopper Meat
2%
Cabbage Potato Soup
2%
Jazbay Crostata
2%
Lavender Dumpling
2%
Sliced Eidar Cheese
2%
Soul Husk
2%
Dragon's Breath Mead
1%
Emberbrand Wine
1%
Horker and Ash Yam Stew
1%
Jessica's Wine
1%
Kordir's Skooma
0%
No matching quizzes found
Score Distribution
Percent of People with Each Score
Percentile by Number Answered
Your Score History
You have not taken this quiz